駅利用者数ランキングTOP20(三重県) - Statistics

General Stats
  • This quiz has been taken 319 times
  • The average score is 13 of 20
Answer Stats
駅名 利用者数 % Correct
2 38750
100%
1 近鉄四日市 50328
99%
3 桑名 34026
96%
5 松阪 15872
93%
20 四日市 4572
91%
9 伊勢市 10716
90%
8 宇治山田 10968
82%
14 伊勢中川 7168
78%
6 白子 14702
69%
11 名張 9954
69%
7 津新町 12356
68%
4 近鉄富田 22490
59%
16 伊賀神戸 6344
48%
10 久居 10262
45%
19 桔梗が丘 4698
35%
12 江戸橋 9498
34%
13 河原田 7726
33%
15 塩浜 6872
32%
18 平田町 6070
26%
17 川越富洲原 6212
25%
No matching quizzes found
Score Distribution
Percent of People with Each Score
Percentile by Number Answered
Your Score History
You have not taken this quiz